مكتبة جامعة عجلون الوطنية

فهرس بحث المكتبة

Lexicon of stock market terms English-Arabic = قاموس الأسواق و الأوراق المالية : إنجليزي عربي (Record no. 14134)

MARC details
000 -LEADER
fixed length control field 01027nam a2200217Ii 4500
003 - CONTROL NUMBER IDENTIFIER
control field JO-AjNU
008 - FIXED-LENGTH DATA ELEMENTS--GENERAL INFORMATION
fixed length control field 230605s9999||||xx |||||||||||||| ||und||
020 ## - INTERNATIONAL STANDARD BOOK NUMBER
International Standard Book Number 9953-33-436-6
040 ## - CATALOGING SOURCE
Original cataloging agency JO-AjNU
Language of cataloging ara
Description conventions rda
Transcribing agency JO-AjNU
041 ## - LANGUAGE CODE
Language code of text/sound track or separate title ara
050 14 - LIBRARY OF CONGRESS CALL NUMBER
Classification number HG151.F37.2004
100 3# - MAIN ENTRY--PERSONAL NAME
Personal name أعداد تحسين التاجي الفاروقي ؛ تيسير عبد الجابر، مراجع,
Relator term author
9 (RLIN) 27523
245 00 - TITLE STATEMENT
Title Lexicon of stock market terms English-Arabic = قاموس الأسواق و الأوراق المالية : إنجليزي عربي
250 ## - EDITION STATEMENT
Edition statement ط1
264 31 - PRODUCTION, PUBLICATION, DISTRIBUTION, MANUFACTURE, AND COPYRIGHT NOTICE
Place of production, publication, distribution, manufacture بيروت: مكتبة لبنان، 2004
300 ## - PHYSICAL DESCRIPTION
Extent 371ص
Other physical details يشتمل على مراجع ببلوغرافية باللغة العربية واللغة الانجليزية ص(367-371)
336 ## - CONTENT TYPE
Content type term text
Content type code txt
Source rdacontent
337 ## - MEDIA TYPE
Media type term unmediated
Media type code n
Source rdamedia
338 ## - CARRIER TYPE
Carrier type term volume
Carrier type code nc
Source rdacarrier
650 #4 - SUBJECT ADDED ENTRY--TOPICAL TERM
Topical term or geographic name entry element البورصات - القواميس - العربية -- اللغة الإنجليزية - القواميس - العربية
9 (RLIN) 27524
Holdings
Withdrawn status Lost status Source of classification or shelving scheme Damaged status Not for loan Home library Current library Shelving location Date acquired Total Checkouts Full call number Barcode Date last seen Price effective from Koha item type
    Library of Congress Classification     مكتبة جامعة عجلون الوطنية مكتبة جامعة عجلون الوطنية المراجع 06/06/2023   HG151.F37.2004 A10566 06/06/2023 06/06/2023 Reference